000 00509nam a2200157 i 4500
001 59895
003 ES-MaACL
005 20230906164122.0
007 t|
008 031031s1967 sp ||||1| spa d
110 2 _aEscuela de Suboficiales del Aire (Murcia)
_93561
245 1 0 _aEscuela de Suboficiales del Aire
_b: promoción 1965.
260 _a[S.l. :
_bs.n.,
_c1967] (
_eTorrepacheco (Murcia) :
_fTipografía Galindo)
300 _a5 h., 27 lám. :
_bil. ;
_c21 cm.
852 _aES-MaACL
_jC-31446
_bR.61990
999 _c59895
_d59895